000 00896nas a2200289 4500
001 BR2017001938
003 BR-BrBNA
005 20231205131026.0
007 ta
008 230509b bl.|||p| |||| 00| 00por d
040 _aBR-BrBNA
_bpor
_cBiblioteca Nacional de Agricultura
041 _a(En)
072 _aF40
100 1 _aCaron, B.O.
100 1 _aSchneider, J.R.
100 1 _aElli, E.F.
100 1 _aEloy, E.
100 1 _aSouza, V.Q. de
245 1 _aPhysiological relationship in Aleurites fordii Hemsl. seedlings
650 _aFISIOLOGIA VEGETAL
650 _aTRANSPIRAÇÃO VEGETAL
650 _aCONDIÇÃO AMBIENTAL
773 0 _tRevista Árvore (Brazil)
_xISSN 1806-9088
_g(2017), v. 41(1) p. 1-7
_wBR2017001938
856 4 0 _uhttp://www.scielo.br/pdf/rarv/v41n1/1806-9088-rarv-41-01-e410102.pdf
909 _a202311
_bLúcia
_c55
_dLúcia Elande
942 _2AGRIS
_n0
_cANA
999 _c252649
_d252649